Изучение механизма повреждений сегментов топливных стержней BWR при высоких выгораниях; Атомная техника за рубежом; № 11

Bibliografiske detaljer
Parent link:Атомная техника за рубежом: научно-технический журнал/ Росатом; Государственная корпорация по атомной энергии; Ядерное общество России (ЯОР).— , 1957-.— 0320-9326
№ 11.— 2003.— С. 12-16
Hovedforfatter: Хаяши Х.
Andre forfattere: Цукуда И. (переводчик), Это И., Бронников В. А.
Sprog:russisk
Udgivet: 2003
Serier:Переводы
Fag:
Format: Book Chapter
KOHA link:https://koha.lib.tpu.ru/cgi-bin/koha/opac-detail.pl?biblionumber=389558

MARC

LEADER 00000naa2a2200000 4500
001 389558
005 20231101063900.0
035 |a (RuTPU)RU\TPU\prd\21917 
090 |a 389558 
100 |a 20040128a2003 k y0rusy50 ca 
101 0 |a rus 
102 |a RU 
200 1 |a Изучение механизма повреждений сегментов топливных стержней BWR при высоких выгораниях  |f Х. Хаяши, И. Цукуда, И. Это  |g Пер. В. А. Бронников 
225 1 |a Переводы 
320 |a Библиогр.: 8 назв. 
461 1 |0 (RuTPU)RU\TPU\prd\1300  |x 0320-9326  |t Атомная техника за рубежом  |o научно-технический журнал  |f Росатом; Государственная корпорация по атомной энергии; Ядерное общество России (ЯОР)  |d 1957- 
463 1 |0 (RuTPU)RU\TPU\prd\21054  |t № 11  |v С. 12-16  |d 2003 
610 1 |a BWR 
610 1 |a топливо 
610 1 |a высокое выгорание 
610 1 |a мощность 
610 1 |a ступенчатый подъём 
610 1 |a испытания 
610 1 |a циркаллой -2 
610 1 |a Zr-лайнер 
610 1 |a гидриды 
610 1 |a механизм повреждений 
610 1 |a радиационное охрупчивание 
610 1 |a водородное охрупчивание 
610 1 |a повреждение 
675 |a 621.039.54  |v 3 
700 1 |a Хаяши  |b Х. 
701 1 |a Цукуда  |b И. 
701 1 |a Это  |b И. 
702 1 |a Бронников  |b В. А.  |4 730 
801 1 |a RU  |b 63413507  |c 20040128  |g PSBO 
801 2 |a RU  |b 63413507  |c 20150115  |g RCR 
942 |c BK